LEADER 02854oas 2201045 a 450 001 9910146781203321 005 20260218110442.0 011 $a1558-3775 035 $a(DE-599)ZDB2190467-4 035 $a(OCoLC)60653286 035 $a(CONSER) 2005214308 035 $a(CKB)1000000000022967 035 $a(DE-599)2190467-4 035 $a(EXLCZ)991000000000022967 100 $a20050616a20059999 uy a 101 0 $aeng 135 $aur||||||||||| 181 $ctxt$2rdacontent 182 $cc$2rdamedia 183 $acr$2rdacarrier 200 00$aAmerican journal of immunology 210 $aNew York $cScience Publications$d2005- 210 3 $aDubai $cScience Publications 215 $a1 online resource 300 $aRefereed/Peer-reviewed 311 08$a1553-619X 330 $aAmerican Journal of Immunology, a peer-reviewed international journal, publishes original articles and reviews on all aspects of cellular and molecular immunology. 517 1 $aAJI 531 0 $aAm. j. immunol. 606 $aCellular immunity$vPeriodicals 606 $aMolecular immunology$vPeriodicals 606 $aImmune response$xMolecular aspects$vPeriodicals 606 $aImmunology$vPeriodicals 606 $aImmunity, Cellular$vPeriodicals 606 $aImmunity, Cellular 606 $aCellular immunity$2fast$3(OCoLC)fst00850281 606 $aImmune response$xMolecular aspects$2fast$3(OCoLC)fst00967870 606 $aImmunology$2fast$3(OCoLC)fst00968006 606 $aMolecular immunology$2fast$3(OCoLC)fst01024811 608 $aPeriodical. 608 $aPeriodicals.$2fast 608 $aPeriodicals.$2lcgft 615 0$aCellular immunity 615 0$aMolecular immunology 615 0$aImmune response$xMolecular aspects 615 0$aImmunology 615 12$aImmunity, Cellular 615 12$aImmunity, Cellular. 615 7$aCellular immunity. 615 7$aImmune response$xMolecular aspects. 615 7$aImmunology. 615 7$aMolecular immunology. 676 $a571.9 801 0$bSNM 801 1$bSNM 801 2$bOCLCS 801 2$bCS1 801 2$bNSD 801 2$bDLC 801 2$bCUS 801 2$bDLC 801 2$bOCLCQ 801 2$bOCLCF 801 2$bOCLCO 801 2$bOCLCQ 801 2$bVT2 801 2$bOCLCQ 801 2$bAUD 801 2$bUAB 801 2$bSFB 801 2$bHEBIS 801 2$bREB 801 2$bUEJ 801 2$bOCLCQ 801 2$bOCLCO 801 2$bOCLCA 801 2$bAU@ 801 2$bOCLCO 801 2$bDLC 801 2$bOCLCA 801 2$bOCLCQ 801 2$bCUS 801 2$bUBY 801 2$bDLC 801 2$bOCLCL 801 2$bOCLCQ 906 $aJOURNAL 912 $a9910146781203321 996 $aAmerican journal of immunology$92139116 997 $aUNINA